Central Library OPAC University of Rajshahi

Electron microscopy and strength of crystals proceedings of the first Berkeley International Materials Conference : (Record no. 20743)

MARC details
000 -LEADER
fixed length control field 00872nam a22002297a 4500
001 - CONTROL NUMBER
control field 20743
003 - CONTROL NUMBER IDENTIFIER
rucl marc code BD-RjUL
005 - DATE AND TIME OF LATEST TRANSACTION
control field 20211209000614.0
008 - FIXED-LENGTH DATA ELEMENTS--GENERAL INFORMATION
fixed length control field 140302s1963 nyua|||| |||| 001 0 eng d
035 ## - SYSTEM CONTROL NUMBER
System control number (BD-RjUL)20805
040 ## - CATALOGING SOURCE
Original cataloging agency BD-RjUL
Language of cataloging eng
Transcribing agency BD-RjUL
Modifying agency BD-RjUL
041 ## - LANGUAGE CODE
Language code of text/sound track or separate title eng
082 04 - DEWEY DECIMAL CLASSIFICATION NUMBER
Classification number 502.82505
Author mark and year ELE 1963
245 #0 - TITLE STATEMENT
Title Electron microscopy and strength of crystals proceedings of the first Berkeley International Materials Conference :
Remainder of title the impact of transmission electron microscopy on theories of the strength of crystals /
Statement of responsibility, etc. edited by Gareth Thomas; Jack Washburn
260 ## - PUBLICATION, DISTRIBUTION, ETC. (IMPRINT)
Place of publication, distribution, etc. New York :
Name of publisher, distributor, etc. Interscience Publishers,
Date of publication, distribution, etc. 1963.
300 ## - PHYSICAL DESCRIPTION
Pagination xi, 1022p. :
Illustrations illus. :
Size 22cm.
504 ## - BIBLIOGRAPHY, ETC. NOTE
Bibliography, etc Include index
650 #0 - SUBJECT ADDED ENTRY--TOPICAL TERM
Topical term or geographic name as entry element Electron microscopy
Geographic subdivision Congresses.
9 (RLIN) 64046
700 1# - ADDED ENTRY--PERSONAL NAME
Personal name Thomas, Gareth
Personal name Washburn, Jack
942 ## - ADDED ENTRY ELEMENTS (KOHA)
Source of classification or shelving scheme Dewey Decimal Classification
Koha item type Books
Holdings
Lost status Source of classification or shelving scheme Damaged status Not for loan Collection code Permanent Location Current Location Shelving location Date acquired Source of acquisition Cost, normal purchase price Total Checkouts Full call number Date last seen Copy number Koha item type
  Dewey Decimal Classification     Non-fiction Central Library, University of Rajshahi Central Library, University of Rajshahi   06/11/1968 Book Centre, Dhaka 47.50   502.82505 ELE 1963 02/03/2014 C-2 Books